[Event "Titled Tuesday 2022.09.20 Early"]
[Site "chess.com INT"]
[Date "2022.09.20"]
[Round "5"]
[White "Jakubowski, K."]
[Black "Hambleton, Aman"]
[Result "0-1"]
[WhiteElo "2466"]
[BlackElo "2437"]
[PlyCount "90"]
[EventDate "2022.09.20"]
[EventType "swiss (blitz)"]
[EventRounds "11"]
[EventCountry "NET"]
[Source "Mark Crowther"]
[SourceDate "2022.09.26"]

1. e4 c5 2. Nf3 e6 3. d4 cxd4 4. Nxd4 a6 5. Bd3 Qb6 6. Nb3 Qc7 7. O-O d6 8. c4
Nd7 9. f4 Ngf6 10. Nc3 b6 11. Be3 Be7 12. Qf3 h5 13. Kh1 Bb7 14. Rac1 g6 15.
Qh3 Ng4 16. Bg1 Nc5 17. Bb1 Bf6 18. Nd4 Bg7 19. f5 gxf5 20. exf5 e5 21. Nf3 Nf6
22. Rfe1 Bh6 23. Rcd1 O-O-O 24. b4 Ncd7 25. c5 dxc5 26. bxc5 Nxc5 27. Qh4 e4
28. Nd4 Ng4 29. h3 Ne5 30. Ndb5 axb5 31. Nxb5 Qb8 32. Qe7 Rhe8 33. Rxd8+ Rxd8
34. Bh2 Bf8 35. Qxe5 Qxe5 36. Bxe5 Nd3 37. Na7+ Kd7 38. Rd1 Ke8 39. Bc7 Nf2+
40. Kh2 Rxd1 41. Bc2 Rd2 42. Ba4+ Ke7 43. Kg3 Nh1+ 44. Kh4 e3 45. Bxb6 e2 0-1

[Event "Titled Tuesday 2022.09.20 Early"]
[Site "chess.com INT"]
[Date "2022.09.20"]
[Round "7"]
[White "Hambleton, Aman"]
[Black "Bortnyk, Olexandr"]
[Result "0-1"]
[WhiteElo "2437"]
[BlackElo "2604"]
[PlyCount "128"]
[EventDate "2022.09.20"]
[EventType "swiss (blitz)"]
[EventRounds "11"]
[EventCountry "NET"]
[Source "Mark Crowther"]
[SourceDate "2022.09.26"]

1. d4 d6 2. e4 Nf6 3. f3 e5 4. dxe5 dxe5 5. Qxd8+ Kxd8 6. Bc4 Ke8 7. Be3 Nbd7
8. Nd2 Bc5 9. Nf1 Bb6 10. a4 Nf8 11. a5 Bxe3 12. Nxe3 a6 13. Ne2 Be6 14. Nc3
Bxc4 15. Nxc4 N6d7 16. O-O-O Ne6 17. Nd5 f6 18. c3 Rd8 19. b4 Kf7 20. Rd2 h5
21. Rhd1 Nb8 22. h4 Rhe8 23. Kc2 Nc6 24. Rd3 Ne7 25. Nce3 Nxd5 26. Nxd5 c5 27.
Kb3 cxb4 28. Kxb4 Rd6 29. Nb6 Rxd3 30. Rxd3 Nf4 31. Rd2 g5 32. hxg5 fxg5 33.
Na4 h4 34. Nc5 Re7 35. Kc4 Rc7 36. Rb2 Ne6 37. Rxb7 Rxb7 38. Nxb7 Nf4 39. Nc5
Nxg2 40. Nxa6 h3 41. Nb4 h2 42. a6 h1=Q 43. a7 Qa1 44. Nc6 Qa6+ 45. Kc5 Ke6 46.
c4 Ne3 47. Nd8+ Kd7 48. Nf7 Qxc4+ 49. Kb6 Qc6+ 50. Ka5 Nc4+ 51. Kb4 Qb6+ 52.
Kxc4 Qxa7 53. Nxe5+ Ke6 54. Nd3 Qe3 55. Nc5+ Kd6 56. e5+ Kxe5 57. Nd3+ Kd6 58.
Nb4 Qxf3 59. Nc2 Qe4+ 60. Kc3 g4 61. Kd2 g3 62. Ne3 g2 63. Ke2 g1=Q 64. Kd2
Qgxe3+ 0-1

[Event "Titled Tuesday 2022.09.20 Early"]
[Site "chess.com INT"]
[Date "2022.09.20"]
[Round "8"]
[White "Prraneeth, Vuppala"]
[Black "Hambleton, Aman"]
[Result "1-0"]
[WhiteElo "2458"]
[BlackElo "2437"]
[PlyCount "81"]
[EventDate "2022.09.20"]
[EventType "swiss (blitz)"]
[EventRounds "11"]
[EventCountry "NET"]
[Source "Mark Crowther"]
[SourceDate "2022.09.26"]

1. d4 Nf6 2. c4 e6 3. Nf3 b6 4. g3 Ba6 5. b3 Bb4+ 6. Bd2 c5 7. Bg2 Bb7 8. O-O
O-O 9. d5 Bxd2 10. Qxd2 exd5 11. Nh4 Ne4 12. Qd3 Qf6 13. Nd2 Na6 14. cxd5 Nxd2
15. Qxd2 d6 16. e4 Nc7 17. f4 Rad8 18. Rae1 Qd4+ 19. Qxd4 cxd4 20. Nf5 Ba6 21.
Rf2 d3 22. Bf1 Rfe8 23. Rd2 Nxd5 24. Bxd3 Bxd3 25. Rxd3 Nb4 26. Rxd6 g6 27.
Ne7+ Kf8 28. Rxd8 Rxd8 29. Nd5 Nxd5 30. Rd1 Ke7 31. exd5 Kd6 32. Kf2 Rc8 33.
Rd2 Rc5 34. Ke3 Rxd5 35. Rc2 Rc5 36. Rd2+ Rd5 37. Rc2 Rh5 38. h4 Rd5 39. g4 h5
40. g5 Ra5 41. Ke4 1-0

[Event "Titled Tuesday 2022.09.20 Early"]
[Site "chess.com INT"]
[Date "2022.09.20"]
[Round "9"]
[White "Hambleton, Aman"]
[Black "Martin Carmona, Gaston Manuel"]
[Result "1-0"]
[WhiteElo "2437"]
[BlackElo "2315"]
[PlyCount "137"]
[EventDate "2022.09.20"]
[EventType "swiss (blitz)"]
[EventRounds "11"]
[EventCountry "NET"]
[Source "Mark Crowther"]
[SourceDate "2022.09.26"]

1. d4 Nf6 2. Bf4 g6 3. e3 Bg7 4. Nc3 O-O 5. h4 h5 6. Nf3 d5 7. Nb5 Na6 8. Be2
c6 9. Nc3 Nc7 10. Qd2 b5 11. a3 a5 12. Ne5 b4 13. Na4 Ne4 14. Qd1 Qe8 15. f3
Nd6 16. Nc5 f6 17. Ned3 e5 18. Bg3 Nc4 19. Bf2 Bh6 20. axb4 Bxe3 21. b3 Bxf2+
22. Kxf2 exd4 23. bxc4 Qe3+ 24. Kf1 dxc4 25. Nb2 Qc3 26. Nba4 Qxb4 27. Rb1 Nd5
28. Kf2 Qa3 29. Bxc4 Qe3+ 30. Kf1 Qe5 31. Qd3 Kg7 32. Bxd5 Qxd5 33. Kf2 Bf5 34.
Qd2 Rfe8 35. Rhe1 Rxe1 36. Rxe1 Qf7 37. Qxd4 Re8 38. Rxe8 Qxe8 39. Qe3 Qxe3+
40. Kxe3 Bxc2 41. Kd4 Bf5 42. g3 g5 43. Nb3 gxh4 44. gxh4 Kg6 45. Nxa5 Bc2 46.
Nc5 Kf5 47. Ke3 Bb1 48. Nc4 Ba2 49. Nd6+ Kg6 50. Nde4 Bd5 51. Ng3 Bf7 52. Kd4
Bd5 53. f4 Bf3 54. f5+ Kh6 55. Ne6 Bg4 56. Kc5 Kh7 57. Nd4 Kg7 58. Nxc6 Kf7 59.
Kd6 Bh3 60. Nd8+ Kg7 61. Ke7 Bg4 62. Ne6+ Kh6 63. Kxf6 Bxf5 64. Nxf5+ Kh7 65.
Kg5 Kg8 66. Nf4 Kf7 67. Ng3 Kg8 68. Nfxh5 Kh7 69. Nf4 1-0

[Event "Titled Tuesday 2022.09.20 Early"]
[Site "chess.com INT"]
[Date "2022.09.20"]
[Round "10"]
[White "Shyam, N."]
[Black "Hambleton, Aman"]
[Result "0-1"]
[WhiteElo "2491"]
[BlackElo "2437"]
[PlyCount "84"]
[EventDate "2022.09.20"]
[EventType "swiss (blitz)"]
[EventRounds "11"]
[EventCountry "NET"]
[Source "Mark Crowther"]
[SourceDate "2022.09.26"]

1. e4 c5 2. Nf3 e6 3. c3 Nf6 4. e5 Nd5 5. d4 cxd4 6. cxd4 d6 7. Nc3 Nxc3 8.
bxc3 Qc7 9. Bd2 Nd7 10. Bb5 a6 11. Ba4 b5 12. Bb3 dxe5 13. O-O Bb7 14. Ng5 Be7
15. Qh5 Bxg5 16. Bxg5 O-O 17. Rac1 Bd5 18. Bc2 e4 19. Qh4 f5 20. Rfe1 Nb6 21.
Re3 Bxa2 22. Bf4 Qd8 23. Bg5 Qd7 24. Rh3 g6 25. f3 exf3 26. gxf3 a5 27. Kf2 Rf7
28. Rg1 a4 29. Bf4 Rg7 30. Be5 Nc4 31. Bf6 Bb3 32. Bd3 a3 33. d5 exd5 34. Qd4
Qa7 35. Bxg7 a2 36. Rxg6 hxg6 37. Rh8+ Kf7 38. Rf8+ Ke7 39. Rxa8 Qxa8 40. Qc5+
Kf7 41. Qc7+ Ke6 42. Bd4 b4 0-1

[Event "Titled Tuesday 2022.09.20 Early"]
[Site "chess.com INT"]
[Date "2022.09.20"]
[Round "11"]
[White "Hambleton, Aman"]
[Black "Skliarov, V."]
[Result "1-0"]
[WhiteElo "2437"]
[BlackElo "2384"]
[PlyCount "141"]
[EventDate "2022.09.20"]
[EventType "swiss (blitz)"]
[EventRounds "11"]
[EventCountry "NET"]
[Source "Mark Crowther"]
[SourceDate "2022.09.26"]

1. d4 Nf6 2. Bf4 g6 3. e3 Bg7 4. h3 d6 5. Nf3 O-O 6. Bh2 c5 7. c3 Qb6 8. Qb3
Be6 9. Qxb6 axb6 10. a3 Nc6 11. Nbd2 cxd4 12. exd4 Na5 13. Bd3 Rfc8 14. O-O Nc4
15. Rab1 b5 16. Rfe1 Kf8 17. g4 Bd5 18. Ne4 Nxe4 19. Bxe4 Bxe4 20. Rxe4 d5 21.
Re2 e6 22. Ne1 Ke7 23. Nd3 b6 24. Kg2 Kd7 25. Be5 Bxe5 26. Nxe5+ Nxe5 27. Rxe5
f6 28. Re3 Rf8 29. Rbe1 Rae8 30. Kg3 Rh8 31. f4 h5 32. g5 f5 33. Kf3 Kd6 34.
Ke2 Rh7 35. Kd3 Rc7 36. Kc2 Rc4 37. Kb3 Kd7 38. h4 Kd6 39. Re5 Kd7 40. R5e2 Kd6
41. Ra1 Ra8 42. Ree1 Ra7 43. Kc2 Rac7 44. Kd3 Ra7 45. Rec1 Rca4 46. Kc2 Rc4 47.
Rd1 Rca4 48. Ra2 Rc4 49. b3 Rc8 50. Kb2 Rac7 51. Rd3 Ra7 52. Rd1 Rac7 53. Rc1
Rc6 54. Raa1 R6c7 55. a4 bxa4 56. Rxa4 Kc6 57. Re1 Kd6 58. Rc1 Kc6 59. c4 Kd6
60. Ra6 Rc6 61. Rxb6 Rxb6 62. c5+ Kd7 63. cxb6 Rb8 64. Rc7+ Kd6 65. Rg7 Rxb6
66. Rxg6 Rb4 67. Kc3 Rb8 68. Rh6 Rc8+ 69. Kb2 Rf8 70. Rxh5 Rg8 71. Rh7 1-0

[Event "Titled Tuesday 2022.09.13 Early"]
[Site "chess.com INT"]
[Date "2022.09.13"]
[Round "1"]
[White "Hambleton, Aman"]
[Black "Rangel, D."]
[Result "0-1"]
[WhiteElo "2437"]
[BlackElo "2193"]
[PlyCount "102"]
[EventDate "2022.09.13"]
[EventType "swiss (blitz)"]
[EventRounds "11"]
[EventCountry "NET"]
[Source "Mark Crowther"]
[SourceDate "2022.09.19"]

1. d4 Nf6 2. c4 g6 3. Nc3 Bg7 4. e4 O-O 5. f3 c5 6. Nge2 cxd4 7. Nxd4 Nc6 8.
Be3 d6 9. Qd2 Nxd4 10. Bxd4 Bd7 11. Be2 Bc6 12. O-O a5 13. b3 Nd7 14. Be3 Nc5
15. Rab1 e6 16. Rfd1 Be5 17. Bd4 Qe7 18. Bxe5 dxe5 19. Qd6 Qxd6 20. Rxd6 Rfd8
21. Rbd1 Rxd6 22. Rxd6 Kf8 23. Kf2 Ke7 24. Rd1 f5 25. Ke3 Rd8 26. Rxd8 Kxd8 27.
Bd3 Ke7 28. Bc2 f4+ 29. Kd2 g5 30. Nd1 h5 31. Nf2 Na6 32. Nd3 Kd6 33. Kc3 g4
34. a3 g3 35. h3 b5 36. b4 bxc4 37. Kxc4 axb4 38. Nxb4 Nc5 39. Nxc6 Kxc6 40. a4
Nb7 41. Kb4 Kb6 42. Bb3 Nd6 43. Bd5 exd5 44. a5+ Kc7 45. exd5 e4 46. fxe4 f3
47. e5 fxg2 48. exd6+ Kxd6 49. a6 g1=Q 50. a7 Qa1 51. a8=Q Qxa8 0-1

[Event "Titled Tuesday 2022.09.13 Early"]
[Site "chess.com INT"]
[Date "2022.09.13"]
[Round "2"]
[White "Zia, Tahsin Tajwar"]
[Black "Hambleton, Aman"]
[Result "0-1"]
[WhiteElo "2310"]
[BlackElo "2437"]
[PlyCount "36"]
[EventDate "2022.09.13"]
[EventType "swiss (blitz)"]
[EventRounds "11"]
[EventCountry "NET"]
[Source "Mark Crowther"]
[SourceDate "2022.09.19"]

1. d4 e5 2. dxe5 Nc6 3. Nf3 Qe7 4. Qd5 f6 5. exf6 Nxf6 6. Qd1 Ne4 7. e3 Qf7 8.
Nbd2 d5 9. Bd3 Bf5 10. O-O O-O-O 11. a3 Bd6 12. Nb3 Qh5 13. g3 Bh3 14. Re1 Bg4
15. Be2 Rhf8 16. Nbd4 Nxf2 17. Kxf2 Qxh2+ 18. Kf1 Bh3# 0-1

[Event "Titled Tuesday 2022.09.13 Early"]
[Site "chess.com INT"]
[Date "2022.09.13"]
[Round "3"]
[White "Rodriguez Garcia, Yuliesky"]
[Black "Hambleton, Aman"]
[Result "1-0"]
[WhiteElo "2170"]
[BlackElo "2437"]
[PlyCount "59"]
[EventDate "2022.09.13"]
[EventType "swiss (blitz)"]
[EventRounds "11"]
[EventCountry "NET"]
[Source "Mark Crowther"]
[SourceDate "2022.09.19"]

1. Nf3 d5 2. d4 Bf5 3. c4 e6 4. Nc3 c6 5. e3 Nd7 6. Bd3 Bxd3 7. Qxd3 f5 8. cxd5
cxd5 9. Bd2 Ngf6 10. a3 a6 11. Ne5 Nxe5 12. dxe5 Ne4 13. Nxe4 fxe4 14. Qb3 Qd7
15. Bc3 Be7 16. O-O O-O 17. Rac1 Rac8 18. Bd4 Rxc1 19. Rxc1 Rc8 20. Rc3 Rxc3
21. Qxc3 Kf7 22. g3 h5 23. h3 Bd8 24. Qc2 g6 25. h4 Qc7 26. Qxc7+ Bxc7 27. Kf1
g5 28. hxg5 Kg6 29. Kg2 Kxg5 30. f3 1-0

[Event "Titled Tuesday 2022.09.13 Late"]
[Site "chess.com INT"]
[Date "2022.09.13"]
[Round "1"]
[White "Hambleton, Aman"]
[Black "Woelk, Tom-Frederic"]
[Result "0-1"]
[WhiteElo "2437"]
[BlackElo "2289"]
[PlyCount "78"]
[EventDate "2022.09.13"]
[EventType "swiss (blitz)"]
[EventRounds "11"]
[EventCountry "NET"]
[Source "Mark Crowther"]
[SourceDate "2022.09.19"]

1. d4 Nf6 2. c4 e6 3. Nc3 d5 4. cxd5 exd5 5. Bg5 c6 6. e3 h6 7. Bh4 Be7 8. Bd3
Nbd7 9. Nge2 O-O 10. f3 Re8 11. Bf2 b5 12. O-O a5 13. Rc1 Nb6 14. a4 b4 15. Nb1
Qd7 16. Nd2 Ba6 17. Bxa6 Rxa6 18. Nf4 Bd6 19. Nd3 Ra7 20. Qc2 Rc7 21. Nb3 Nc4
22. Rfe1 Qf5 23. Ndc5 Qh5 24. h3 Rce7 25. e4 dxe4 26. fxe4 Bxc5 27. Nxc5 Nb6
28. Re3 Qg6 29. Rce1 Nh5 30. b3 Nd5 31. Rf3 Nc3 32. g4 Nf6 33. Rfe3 Nfxe4 34.
Bh4 f6 35. Kg2 Kh7 36. Bg3 h5 37. gxh5 Qf5 38. Qd3 Nxg3 39. Qxf5+ Nxf5 0-1

[Event "Titled Tuesday 2022.09.13 Late"]
[Site "chess.com INT"]
[Date "2022.09.13"]
[Round "3"]
[White "Hambleton, Aman"]
[Black "Przybylski, W."]
[Result "1-0"]
[WhiteElo "2437"]
[BlackElo "2321"]
[PlyCount "85"]
[EventDate "2022.09.13"]
[EventType "swiss (blitz)"]
[EventRounds "11"]
[EventCountry "NET"]
[Source "Mark Crowther"]
[SourceDate "2022.09.19"]

1. d4 Nf6 2. c4 e6 3. Nc3 Bb4 4. Qc2 d5 5. cxd5 Qxd5 6. e3 c5 7. a3 cxd4 8.
axb4 dxc3 9. bxc3 O-O 10. c4 Qd8 11. Bb2 b6 12. Nf3 Bb7 13. Be2 Be4 14. Qc3
Nbd7 15. O-O Qe7 16. Rfd1 Rfd8 17. h3 h6 18. Nd4 a6 19. Bf1 Bb7 20. Nb3 Rac8
21. Rac1 e5 22. Qe1 Nf8 23. c5 Bd5 24. Rxd5 Nxd5 25. Bxa6 Ra8 26. Bc4 bxc5 27.
Nxc5 Rac8 28. Ba3 Nb6 29. Ba2 Ra8 30. Qc3 Nd5 31. Qb3 Ne6 32. Bb2 Nxc5 33. Rxc5
Nf6 34. Bxe5 Nd7 35. Rc7 Rxa2 36. Qxa2 Qxe5 37. Qc2 Qd6 38. b5 Ne5 39. Rc8 Rxc8
40. Qxc8+ Kh7 41. Qc2+ g6 42. Qb3 Kg7 43. b6 1-0

[Event "Titled Tuesday 2022.09.06 Early"]
[Site "chess.com INT"]
[Date "2022.09.06"]
[Round "1"]
[White "Hambleton, Aman"]
[Black "Sipahioglu, I."]
[Result "1-0"]
[WhiteElo "2437"]
[BlackElo "2041"]
[PlyCount "71"]
[EventDate "2022.09.06"]
[EventType "swiss (blitz)"]
[EventRounds "11"]
[EventCountry "NET"]
[Source "Mark Crowther"]
[SourceDate "2022.09.12"]

1. d4 e6 2. Bf4 f5 3. e3 Nf6 4. h3 b6 5. Nf3 Bb7 6. Be2 Bd6 7. Bxd6 cxd6 8. c4
O-O 9. O-O Ne4 10. Nfd2 Nc6 11. Nxe4 fxe4 12. Nc3 Rc8 13. Nxe4 Qe7 14. Nc3 Qg5
15. d5 Ne7 16. Ne4 Qe5 17. Qd4 Nf5 18. Qxe5 dxe5 19. Nc3 exd5 20. cxd5 Nd6 21.
e4 g5 22. a4 Rc5 23. a5 b5 24. a6 Ba8 25. Ra5 Rb8 26. Bg4 Rc7 27. Re1 Kg7 28.
Kh2 Kg6 29. h4 h5 30. Bf5+ Kf6 31. hxg5+ Kxg5 32. Bh3 b4 33. Na4 Rc2 34. f3 Rc7
35. Rc5 Rbc8 36. Rec1 1-0

[Event "Titled Tuesday 2022.09.06 Early"]
[Site "chess.com INT"]
[Date "2022.09.06"]
[Round "2"]
[White "Tarhan, Adar"]
[Black "Hambleton, Aman"]
[Result "0-1"]
[WhiteElo "2320"]
[BlackElo "2437"]
[PlyCount "60"]
[EventDate "2022.09.06"]
[EventType "swiss (blitz)"]
[EventRounds "11"]
[EventCountry "NET"]
[Source "Mark Crowther"]
[SourceDate "2022.09.12"]

1. e4 c5 2. Nf3 e6 3. d4 cxd4 4. Nxd4 a6 5. Bd3 Qb6 6. Nb3 Qc7 7. Nc3 d6 8. O-O
Nd7 9. Be3 Ngf6 10. f4 b5 11. Qf3 Bb7 12. Rad1 Be7 13. Qg3 g6 14. e5 dxe5 15.
fxe5 Nh5 16. Qf2 Nxe5 17. Bxb5+ axb5 18. Nxb5 Qc4 19. Bc5 Qxb5 20. Bxe7 Kxe7
21. Nd4 Qc4 22. Rfe1 f6 23. Rxe5 fxe5 24. Qh4+ Ke8 25. b3 Qxd4+ 26. Rxd4 exd4
27. Qxd4 Rf8 28. a4 Rf7 29. g4 Rd8 30. Qe5 Rd1+ 0-1

[Event "Titled Tuesday 2022.09.06 Early"]
[Site "chess.com INT"]
[Date "2022.09.06"]
[Round "3"]
[White "Salem, AR."]
[Black "Hambleton, Aman"]
[Result "1-0"]
[WhiteElo "2677"]
[BlackElo "2437"]
[PlyCount "67"]
[EventDate "2022.09.06"]
[EventType "swiss (blitz)"]
[EventRounds "11"]
[EventCountry "NET"]
[Source "Mark Crowther"]
[SourceDate "2022.09.12"]

1. d4 Nf6 2. c4 e6 3. Nc3 Bb4 4. a3 Bxc3+ 5. bxc3 Nc6 6. f3 d6 7. e4 b6 8. Bd3
Na5 9. f4 c5 10. Nf3 Ba6 11. O-O Rc8 12. e5 dxe5 13. fxe5 Nd7 14. Ng5 Nxe5 15.
dxe5 Bxc4 16. Bxc4 Qxd1 17. Bb5+ Qd7 18. Bxd7+ Kxd7 19. Rxf7+ Kc6 20. Bf4 Rhe8
21. Rd1 Nc4 22. Rxg7 Rc7 23. Rxc7+ Kxc7 24. a4 a6 25. Nxh7 Nb2 26. Nf6 Ra8 27.
Rd7+ Kc6 28. Rd6+ Kb7 29. Rxe6 Nxa4 30. Nd5 a5 31. c4 Ra6 32. Re7+ Kc8 33. e6
Nb2 34. Rc7+ 1-0

[Event "Titled Tuesday 2022.09.06 Early"]
[Site "chess.com INT"]
[Date "2022.09.06"]
[Round "4"]
[White "Hambleton, Aman"]
[Black "Lorenzo de la Riva, L."]
[Result "1-0"]
[WhiteElo "2437"]
[BlackElo "2430"]
[PlyCount "129"]
[EventDate "2022.09.06"]
[EventType "swiss (blitz)"]
[EventRounds "11"]
[EventCountry "NET"]
[Source "Mark Crowther"]
[SourceDate "2022.09.12"]

1. d4 e6 2. Bf4 Nf6 3. e3 b6 4. h3 Bb7 5. Nf3 d5 6. Bd3 Bd6 7. O-O Bxf4 8. exf4
Qd6 9. f5 Nbd7 10. fxe6 fxe6 11. Nc3 a6 12. Re1 O-O 13. Qe2 Rfe8 14. Ne5 c5 15.
Qe3 cxd4 16. Qxd4 Nxe5 17. Qxe5 Qxe5 18. Rxe5 Nd7 19. Ree1 e5 20. Rad1 d4 21.
Ne4 Bxe4 22. Bxe4 Rac8 23. c3 Nc5 24. Bd5+ Kf8 25. cxd4 exd4 26. Rxe8+ Rxe8 27.
Rxd4 Re1+ 28. Kh2 Re2 29. Rf4+ Ke7 30. Rf7+ Kd6 31. Bc4 Rxb2 32. Rxg7 b5 33.
Bg8 Rxf2 34. Rxh7 Ke5 35. Rh5+ Kd4 36. Rd5+ Kc3 37. Rxc5+ Kb2 38. Rc6 a5 39.
Ra6 a4 40. Rb6 Rf5 41. g4 Rc5 42. h4 Ka3 43. h5 b4 44. Kg3 Rc3+ 45. Kh4 Rc1 46.
Kg5 Rc5+ 47. Kg6 Rc1 48. g5 b3 49. Bxb3 axb3 50. Rxb3+ Ka4 51. Rb6 Ka5 52. Rf6
Ra1 53. h6 Rxa2 54. h7 Ra1 55. h8=Q Kb4 56. Qb8+ Kc4 57. Rf4+ Kd5 58. Qb5+ Ke6
59. Rf6+ Ke7 60. Qb7+ Ke8 61. Qf7+ Kd8 62. Rd6+ Kc8 63. Qd7+ Kb8 64. Rb6+ Ka8
65. Qb7# 1-0

[Event "Titled Tuesday 2022.09.06 Early"]
[Site "chess.com INT"]
[Date "2022.09.06"]
[Round "5"]
[White "Hambleton, Aman"]
[Black "Dubov, Daniil"]
[Result "0-1"]
[WhiteElo "2437"]
[BlackElo "2702"]
[PlyCount "72"]
[EventDate "2022.09.06"]
[EventType "swiss (blitz)"]
[EventRounds "11"]
[EventCountry "NET"]
[Source "Mark Crowther"]
[SourceDate "2022.09.12"]

1. d4 Nf6 2. c4 g6 3. Nc3 Bg7 4. e4 d6 5. f3 Nc6 6. Be3 e5 7. Nge2 exd4 8. Nxd4
O-O 9. Qd2 Re8 10. Be2 Ne5 11. O-O c6 12. Rad1 d5 13. cxd5 cxd5 14. Nb3 Be6 15.
exd5 Bd7 16. Rfe1 Rc8 17. Nc5 Bf5 18. Bb5 Nfd7 19. Nxd7 Bxd7 20. Bf1 Qa5 21. a3
h5 22. Ne4 Qa4 23. Nd6 Rc2 24. Qb4 Ra8 25. Qxa4 Bxa4 26. Nxb7 Rxb2 27. Rb1 Rb3
28. Rxb3 Bxb3 29. d6 Bd5 30. Nc5 Rd8 31. Rd1 Rxd6 32. Ne4 Rd7 33. Bxa7 Rxa7 34.
Rxd5 Rxa3 35. Rd8+ Bf8 36. Ng5 Kg7 0-1

[Event "Titled Tuesday 2022.09.06 Early"]
[Site "chess.com INT"]
[Date "2022.09.06"]
[Round "6"]
[White "Williams, Si1"]
[Black "Hambleton, Aman"]
[Result "0-1"]
[WhiteElo "2464"]
[BlackElo "2437"]
[PlyCount "104"]
[EventDate "2022.09.06"]
[EventType "swiss (blitz)"]
[EventRounds "11"]
[EventCountry "NET"]
[Source "Mark Crowther"]
[SourceDate "2022.09.12"]

1. d4 Nf6 2. c4 e6 3. Nf3 b6 4. g3 Ba6 5. Qc2 Bb7 6. Bg2 Bb4+ 7. Bd2 Bxd2+ 8.
Nbxd2 d6 9. e4 Nbd7 10. O-O e5 11. d5 a5 12. Nb1 O-O 13. Nc3 g6 14. Ne1 Nh5 15.
Nd3 Qe7 16. Qe2 Rae8 17. b3 Ng7 18. Rae1 f5 19. f4 fxe4 20. Nxe4 exf4 21. Nxf4
Ne5 22. Nc3 Bc8 23. Nb5 Qd8 24. Nd4 Bd7 25. Qd2 Rf7 26. Nfe6 Rxf1+ 27. Rxf1
Bxe6 28. dxe6 Rf8 29. Bd5 Rxf1+ 30. Kxf1 Qe7 31. Qf4 Ne8 32. Kg2 Kg7 33. h4 Nf6
34. a3 Nh5 35. Qf2 Nf6 36. b4 axb4 37. axb4 h5 38. b5 Nfg4 39. Qf4 Qf6 40. Nf3
Qxf4 41. gxf4 Nxf3 42. Kxf3 Kf6 43. Bc6 Kxe6 44. Be4 Kf6 45. Bb7 Nh6 46. Bc8
Nf5 47. Ke4 Nxh4 48. Kd5 Nf5 49. Kc6 Ne7+ 50. Kxc7 Nxc8 51. Kxc8 h4 52. c5 dxc5
0-1

[Event "Titled Tuesday 2022.09.06 Early"]
[Site "chess.com INT"]
[Date "2022.09.06"]
[Round "7"]
[White "Gheorghiu, C."]
[Black "Hambleton, Aman"]
[Result "0-1"]
[WhiteElo "2310"]
[BlackElo "2437"]
[PlyCount "88"]
[EventDate "2022.09.06"]
[EventType "swiss (blitz)"]
[EventRounds "11"]
[EventCountry "NET"]
[Source "Mark Crowther"]
[SourceDate "2022.09.12"]

1. d4 Nf6 2. Bf4 d5 3. Nf3 c5 4. e3 Nc6 5. Nbd2 cxd4 6. exd4 Bf5 7. c3 e6 8. h3
h6 9. Be2 Bd6 10. Ne5 Qc7 11. Ndf3 O-O 12. O-O Ne4 13. g4 Bh7 14. Bh2 f6 15.
Nxc6 Bxh2+ 16. Nxh2 bxc6 17. Qc1 c5 18. Qe3 Rab8 19. b3 Rfe8 20. Rac1 cxd4 21.
cxd4 Qa5 22. a4 Qb6 23. Bd1 Rec8 24. f3 Rxc1 25. Qxc1 Qxd4+ 26. Kg2 Qd2+ 27.
Qxd2 Nxd2 28. Rf2 Nb1 29. Nf1 Nc3 30. Bc2 Bxc2 31. Rxc2 d4 32. Nd2 e5 33. Kf2
Kf7 34. Ne4 Nxe4+ 35. fxe4 Rxb3 36. Rc7+ Kg6 37. Rxa7 Rxh3 38. a5 Ra3 39. a6
Kg5 40. Rxg7+ Kf4 41. a7 Kxe4 42. Rg6 Rxa7 43. Rxf6 Ra2+ 44. Ke1 Ke3 0-1

[Event "Titled Tuesday 2022.09.06 Early"]
[Site "chess.com INT"]
[Date "2022.09.06"]
[Round "8"]
[White "Hambleton, Aman"]
[Black "Kamsky, G."]
[Result "1/2-1/2"]
[WhiteElo "2437"]
[BlackElo "2666"]
[PlyCount "67"]
[EventDate "2022.09.06"]
[EventType "swiss (blitz)"]
[EventRounds "11"]
[EventCountry "NET"]
[Source "Mark Crowther"]
[SourceDate "2022.09.12"]

1. d4 Nf6 2. c4 e6 3. Nc3 Bb4 4. Qc2 c5 5. dxc5 Qc7 6. Nf3 Na6 7. g3 Nxc5 8.
Bg2 Nfe4 9. O-O Bxc3 10. bxc3 b6 11. Bf4 d6 12. Nd4 Bb7 13. Nb5 Qe7 14. Rfd1 e5
15. Be3 O-O 16. Bxc5 Nxc5 17. Nxd6 Bxg2 18. Kxg2 g6 19. Rd5 Rad8 20. Rad1 Rd7
21. Ne4 Rc7 22. Nxc5 Rxc5 23. Rd7 Qe6 24. Rxa7 Qxc4 25. Rdd7 Qxc3 26. Qxc3 Rxc3
27. Rdb7 Rc6 28. h4 h5 29. a4 Kg7 30. Kf3 Rf6+ 31. Kg2 Rc8 32. Ra6 Rc4 33.
Rbxb6 Rxb6 34. Rxb6 1/2-1/2

[Event "Titled Tuesday 2022.09.06 Early"]
[Site "chess.com INT"]
[Date "2022.09.06"]
[Round "9"]
[White "Hakobyan, Aram"]
[Black "Hambleton, Aman"]
[Result "1-0"]
[WhiteElo "2611"]
[BlackElo "2437"]
[PlyCount "85"]
[EventDate "2022.09.06"]
[EventType "swiss (blitz)"]
[EventRounds "11"]
[EventCountry "NET"]
[Source "Mark Crowther"]
[SourceDate "2022.09.12"]

1. c4 c5 2. g3 e6 3. Nf3 b6 4. Nc3 Bb7 5. e4 Nf6 6. Qe2 Nc6 7. Bg2 d6 8. d3 g6
9. O-O Bg7 10. h3 O-O 11. Nh2 d5 12. e5 Nd7 13. f4 Nd4 14. Qf2 f6 15. exf6 Nxf6
16. Re1 Qd7 17. Nf3 Nxf3+ 18. Bxf3 Rae8 19. Qg2 Ba8 20. Kh2 Nh5 21. cxd5 Bxc3
22. bxc3 Bxd5 23. Re5 Bxf3 24. Qxf3 Nf6 25. Bb2 Rd8 26. Rd1 Nd5 27. c4 Nb4 28.
a3 Nc6 29. Qe3 Rfe8 30. h4 Qd6 31. Rg5 Nd4 32. h5 Kf7 33. Qe4 Nf5 34. Be5 Qd7
35. g4 Ne7 36. hxg6+ hxg6 37. Rh5 Rg8 38. Rh7+ Kf8 39. Bf6 Re8 40. Re1 Qd6 41.
Kg2 Nc6 42. Be5 Qd7 43. Rxd7 1-0

[Event "Titled Tuesday 2022.09.06 Early"]
[Site "chess.com INT"]
[Date "2022.09.06"]
[Round "10"]
[White "Hambleton, Aman"]
[Black "Sorensen, Hampus"]
[Result "0-1"]
[WhiteElo "2437"]
[BlackElo "2396"]
[PlyCount "88"]
[EventDate "2022.09.06"]
[EventType "swiss (blitz)"]
[EventRounds "11"]
[EventCountry "NET"]
[Source "Mark Crowther"]
[SourceDate "2022.09.12"]

1. d4 Nf6 2. Bf4 d5 3. e3 c5 4. c3 Nc6 5. Nd2 cxd4 6. exd4 Bf5 7. Qb3 Qc8 8.
Ngf3 e6 9. Nh4 Bg4 10. h3 Bh5 11. Bd3 Be7 12. O-O O-O 13. g4 Bg6 14. Nxg6 hxg6
15. Rae1 Ne8 16. Kg2 Nd6 17. Nf3 a6 18. h4 e5 19. dxe5 Qxg4+ 20. Bg3 Nf5 21.
Qxd5 Rad8 22. Qe4 Qh5 23. Be2 Nxg3 24. fxg3 Qf5 25. Qxf5 gxf5 26. e6 fxe6 27.
Bc4 g6 28. Rxe6 Kg7 29. Rfe1 Bf6 30. Bxa6 bxa6 31. Rxc6 a5 32. Re2 Rd5 33. Rc7+
Kh6 34. c4 Rd1 35. Rc6 Rb1 36. b3 Kg7 37. Rc7+ Kh6 38. Ra7 Bc3 39. Ra6 Rd8 40.
c5 Rdd1 41. c6 Rdc1 42. h5 Kxh5 43. Ra8 Ba1 44. Rae8 Rxc6 0-1

[Event "Titled Tuesday 2022.09.06 Early"]
[Site "chess.com INT"]
[Date "2022.09.06"]
[Round "11"]
[White "Zenin, D."]
[Black "Hambleton, Aman"]
[Result "0-1"]
[WhiteElo "2163"]
[BlackElo "2437"]
[PlyCount "72"]
[EventDate "2022.09.06"]
[EventType "swiss (blitz)"]
[EventRounds "11"]
[EventCountry "NET"]
[Source "Mark Crowther"]
[SourceDate "2022.09.12"]

1. d4 Nf6 2. c4 e6 3. Nc3 Bb4 4. Qc2 c5 5. dxc5 Qc7 6. Nf3 Bxc5 7. g3 Qb6 8. e3
a6 9. Bg2 Be7 10. O-O d6 11. b3 O-O 12. Bb2 Qc7 13. Rfd1 b6 14. Nd4 Bb7 15.
Bxb7 Qxb7 16. e4 Nbd7 17. Qe2 Rfe8 18. Rac1 Rac8 19. f3 h5 20. Kg2 Bf8 21. Qd2
Rc7 22. Ba3 Nc5 23. Nde2 b5 24. cxb5 axb5 25. Bb2 b4 26. Nb1 Nfd7 27. Rc4 Rb8
28. Qe3 Qa6 29. Rd2 Qxa2 30. Rc1 Rcb7 31. Nd4 e5 32. Nf5 Qxb3 33. Re1 Qxe3 34.
Rxe3 Nb6 35. Nxd6 Bxd6 36. Rxd6 Nc4 0-1